Guess The Artist 1960's #5 - Statistics

General Stats
  • This quiz has been taken 46 times
    34 since last reset
  • The average score is 12 of 30
Answer Stats
Hint Answer % Correct
What A Wonderful World Louis Armstrong
92%
I Got You Babe Sonny & Cher
92%
House of the Rising Son The Animals
88%
Sugar Sugar The Archies
81%
My Girl The Temptations
77%
Spirit In The Sky Norman Greenbaum
73%
Runaround Sue Dion
62%
Louie Louie The Kingsmen
62%
Aquarius/Let The Sunshine In The 5th Dimension
58%
Beyond The Sea Bobby Darin
54%
Uptight(Everything's Alright) Stevie Wonder
54%
War Edwin Starr
46%
At Last Etta James
42%
Chain Gang Sam Cooke
38%
Will You Love Me Tomorrow The Shirelles
38%
Mustang Sally Wilson Pickett
38%
Apache The Shadows
35%
Chapel of Love The Dixie Cups
31%
Dance to the Music Sly & Family Stone
27%
Surfin Bird The Trashmen
27%
Tainted Love Gloria Jones
23%
L-O-V-E Nat King Cole
23%
Moulty The Barbarians
12%
Caledonia Cromagnon
8%
Fist City Loretta Lynn
8%
Sinnerman Nina Simone
8%
In C Terry Riley
8%
Nothing But A Headache The Flirtations
8%
Ghosts Albert Ayler
4%
Endless Sleep Hank WIlliams Jr.
4%
No matching quizzes found
Score Distribution
Percent of People with Each Score
Percentile by Number Answered
Your Score History
You have not taken this quiz since the last reset